000 00973nam a2200313 i 4500
001 000026417
003 DO-SdBNP
005 20260508134417.0
007 ta
008 250226s1998 dr 000 0 spa d
040 _aDO-SdBNP
_bspa
_cBNPHU
_erda
041 _aspa
082 4 _a248.5
_bT183J 1998
_222
100 1 _aTardif, Emiliano,
_d1928-1999
_935030
_eautor
_4aut.
245 1 0 _aJesús es el mesías /
_cEmiliano Tardif, José H. Prado Flores.
250 _aSexta edición
264 4 _aSanto Domingo :
_bEdiciones M.S.C.,
_c©1998.
300 _a160 páginas
_c22 cm.
336 _atexto
_btxt
_2rdacontent
337 _asin mediación
_bn
_2rdamedia
338 _avolumen
_bnc
_2rdacarrier
590 _aInventariado, 2025/ YL
650 4 _aEvangelización
_9476
650 0 _aVida cristiana
_9668
650 0 _aFe
_91024
700 1 _aPrado Flores, José H.
_910971
_eautor
_4aut.
910 _aYLockward/Validado. Control de calidad. EMS
942 _2ddc
_cLBS1
999 _c58246
_d58246